[Event "Pereira Gildardo Garcia Memorial-B"]
[Site "Pereira"]
[Date "2022.05.19"]
[Round "3"]
[White "Fitzgerald, Daniela"]
[Black "Franco, Jhonier"]
[Result "0-1"]
[WhiteElo "1680"]
[BlackElo "1911"]
[PlyCount "84"]
[EventDate "2022.05.18"]
[EventType "swiss"]
[EventRounds "9"]
[EventCountry "COL"]
[SourceTitle "CBM 208 Extra"]
[Source "ChessBase"]
[SourceDate "2022.07.31"]
[SourceVersion "1"]
[SourceVersionDate "2022.07.31"]
[SourceQuality "1"]

1. e4 d5 2. exd5 Nf6 3. d4 c6 4. Nf3 cxd5 5. Nc3 Bg4 6. Bb5+ Nbd7 7. h3 Bh5 8. g4 Bg6 9. Ne5 a6 10. Ba4 b5 11. Bb3 e6 12. Nxd7 Nxd7 13. Bf4 h5 14. Qe2 Nb6 15. 0-0-0 Bd6 16. Bg3 h4 17. Bxd6 Qxd6 18. Rhf1 b4 19. Na4 0-0 20. f4 Nxa4 21. Bxa4 Be4 22. f5 f6 23. Qf2 exf5 24. Qxh4 f4 25. g5 fxg5 26. Qxg5 f3 27. Rd2 Qf4 28. Qxf4 Rxf4 29. Bd7 Kh7 30. Bg4 Kh6 31. Rdf2 Raf8 32. Kd2 Kg5 33. Ke3 Re8 34. Kd2 Rxg4 35. hxg4 Kf4 36. Rg1 Rc8 37. Kc1 Ke3 38. Rgf1 g5 39. Rd2 Rh8 40. Re1+ Kf4 41. Rf2 Kxg4 42. Kd2 Kf4 0-1

[Event "COL-ch U2000"]
[Site "Pereira"]
[Date "2022.02.18"]
[Round "5"]
[White "Fitzgerald, Daniela"]
[Black "Garces Trujillo, Luis Javier"]
[Result "1-0"]
[WhiteElo "1647"]
[BlackElo "1879"]
[PlyCount "65"]
[EventDate "2022.02.16"]
[EventType "swiss"]
[EventRounds "9"]
[EventCountry "COL"]
[SourceTitle "CBM 207 Extra"]
[Source "ChessBase"]
[SourceDate "2022.05.31"]
[SourceVersion "1"]
[SourceVersionDate "2022.05.31"]
[SourceQuality "1"]

1. e4 c5 2. Nf3 Nc6 3. d4 cxd4 4. Nxd4 Qc7 5. Nc3 e6 6. a3 Nf6 7. Be3 a6 8. Be2 d6 9. f3 Be7 10. 0-0 0-0 11. Qe1 Ne5 12. Qf2 Nc4 13. Bxc4 Qxc4 14. Nb3 a5 15. a4 d5 16. e5 Nd7 17. f4 f6 18. Qg3 Nc5 19. f5 exf5 20. exf6 Bxf6 21. Bxc5 Re8 22. Rf4 Qa6 23. Qf3 Bxc3 24. bxc3 Qc6 25. Bd4 Bd7 26. Nc5 g6 27. Nxd7 Qxd7 28. Qg3 Re2 29. Rf2 Rae8 30. Rxe2 Rxe2 31. Re1 Qe8 32. Rxe2 Qxe2 33. Qb8+ 1-0

[Event "Medellin Raza op"]
[Site "Medellin"]
[Date "2021.10.10"]
[Round "9"]
[White "Fitzgerald, Daniela"]
[Black "Negron Lizarazo, Juan Sebastian"]
[Result "1-0"]
[WhiteElo "1685"]
[BlackElo "1542"]
[PlyCount "111"]
[EventDate "2021.10.06"]
[EventType "swiss"]
[EventRounds "9"]
[EventCountry "COL"]
[SourceTitle "EXT 2023"]
[Source "ChessBase"]
[SourceDate "2022.10.05"]
[SourceVersion "1"]
[SourceVersionDate "2022.10.05"]
[SourceQuality "1"]

1. e4 c5 2. Nf3 g6 3. d4 cxd4 4. Qxd4 Nf6 5. e5 Nc6 6. Qa4 Nd5 7. Qb3 Nc7 8. Bc4 Ne6 9. Bxe6 dxe6 10. 0-0 Bg7 11. Bf4 0-0 12. Qe3 Qc7 13. Nc3 a6 14. a3 b5 15. Ne2 Bb7 16. Rac1 Na5 17. Nd2 Rfd8 18. c4 bxc4 19. b4 Rxd2 20. bxa5 Rd3 21. Qxd3 cxd3 22. Rxc7 dxe2 23. Re1 Be4 24. Rxe2 Bd3 25. Rd2 Rb8 26. Rxd3 Bxe5 27. Rd1 Bxf4 28. Ra7 Bd6 29. Rxa6 Bxa3 30. Rb6 Ra8 31. a6 Bc5 32. Rc6 Bd6 33. Kf1 h5 34. h3 e5 35. Ke2 f5 36. Kd3 Kf7 37. Kc4 e4 38. Kb5 f4 39. Rdxd6 exd6 40. Kb6 Ke6 41. Kb7 Re8 42. a7 Kd5 43. Rc8 Re7+ 44. Kb6 Rxa7 45. Kxa7 e3 46. fxe3 fxe3 47. Re8 Kd4 48. Kb6 Kd3 49. Kc6 e2 50. Kxd6 Kd2 51. h4 e1Q 52. Rxe1 Kxe1 53. Ke6 Kf2 54. Kf6 Kg3 55. Kg5 Kxg2 56. Kxg6 1-0

[Event "Medellin Raza op"]
[Site "Medellin"]
[Date "2021.10.08"]
[Round "4"]
[White "Fitzgerald, Daniela"]
[Black "Montoya Echeverri, Sebastian"]
[Result "1-0"]
[WhiteElo "1685"]
[BlackElo "1647"]
[PlyCount "53"]
[EventDate "2021.10.06"]
[EventType "swiss"]
[EventRounds "9"]
[EventCountry "COL"]
[SourceTitle "EXT 2023"]
[Source "ChessBase"]
[SourceDate "2022.10.05"]
[SourceVersion "1"]
[SourceVersionDate "2022.10.05"]
[SourceQuality "1"]

1. e4 g6 2. d4 Bg7 3. Nc3 d6 4. f4 Nf6 5. Nf3 c5 6. Bb5+ Bd7 7. e5 Ng4 8. e6 Bxb5 9. exf7+ Kf8 10. Nxb5 Qa5+ 11. Nc3 cxd4 12. Nxd4 Bxd4 13. Qxd4 Nf6 14. f5 Qxf5 15. Bh6+ Kxf7 16. 0-0-0 Nc6 17. Qc4+ Qe6 18. Qb5 Rhc8 19. Rhf1 Kg8 20. Rde1 Qf7 21. g4 Qe8 22. g5 Nd7 23. Qd5+ Kh8 24. Rf7 Nb6 25. Bg7+ Kg8 26. Rf8+ Kxg7 27. Qg8# 1-0

[Event "COL-ch sf (Women)"]
[Site "Santa Rosa"]
[Date "2021.08.15"]
[Round "7"]
[White "Fitzgerald, Daniela"]
[Black "Medina Baquiro, Paula Andrea"]
[Result "1-0"]
[WhiteElo "1651"]
[BlackElo "1251"]
[PlyCount "67"]
[EventDate "2021.08.12"]
[EventType "swiss"]
[EventRounds "9"]
[EventCountry "COL"]
[SourceTitle "CBM 204 Extra"]
[Source "ChessBase"]
[SourceDate "2021.11.30"]
[SourceVersion "1"]
[SourceVersionDate "2021.11.30"]
[SourceQuality "1"]

1. e4 e5 2. Nf3 Nc6 3. Bc4 Bc5 4. 0-0 Nf6 5. d3 0-0 6. c3 d6 7. Re1 a6 8. Bb3 Ba7 9. Nbd2 Be6 10. Bc2 d5 11. exd5 Qxd5 12. h3 Nd7 13. Nf1 f6 14. Bb3 Qd6 15. Bxe6+ Qxe6 16. d4 Qf7 17. Ng3 Rad8 18. Nf5 Kh8 19. Qc2 g6 20. Nh6 Qg7 21. Ng4 g5 22. dxe5 Ndxe5 23. Ngxe5 Nxe5 24. Nxe5 fxe5 25. Be3 Bxe3 26. Rxe3 Rf7 27. Rae1 Re7 28. Qf5 Rf8 29. Qg4 h6 30. h4 Rf4 31. Qc8+ Kh7 32. hxg5 Qxg5 33. Rg3 Qf5 34. Qg8# 1-0

[Event "COL-ch sf (Women)"]
[Site "Santa Rosa"]
[Date "2021.08.14"]
[Round "5"]
[White "Fitzgerald, Daniela"]
[Black "Hernandez Bermudez, Manuela"]
[Result "1/2-1/2"]
[WhiteElo "1651"]
[BlackElo "1858"]
[PlyCount "62"]
[EventDate "2021.08.12"]
[EventType "swiss"]
[EventRounds "9"]
[EventCountry "COL"]
[SourceTitle "CBM 204 Extra"]
[Source "ChessBase"]
[SourceDate "2021.11.30"]
[SourceVersion "1"]
[SourceVersionDate "2021.11.30"]
[SourceQuality "1"]

1. e4 c5 2. Nf3 d6 3. Bb5+ Bd7 4. Bxd7+ Qxd7 5. 0-0 Nf6 6. Qe2 e5 7. c3 Nc6 8. Rd1 Be7 9. d4 Qc7 10. Na3 a6 11. Nc2 0-0 12. Bg5 b5 13. Ne3 g6 14. dxe5 Nxe5 15. Nxe5 dxe5 16. Bxf6 Bxf6 17. Nd5 Qd6 18. Rd3 c4 19. Rf3 Bg7 20. Rd1 Qc5 21. Nf6+ Bxf6 22. Rxf6 Rfd8 23. Rxd8+ Rxd8 24. Rxa6 b4 25. g3 Rd3 26. cxb4 Qxb4 27. Ra3 Rd2 28. Qf3 Qb6 29. Ra4 Rxb2 30. Rxc4 Rxa2 31. Kg2 Kg7 1/2-1/2

[Event "COL-ch sf (Women)"]
[Site "Santa Rosa"]
[Date "2021.08.12"]
[Round "1"]
[White "Rodriguez Rueda, Paula Andrea"]
[Black "Fitzgerald, Daniela"]
[Result "1-0"]
[WhiteElo "2257"]
[BlackElo "1651"]
[PlyCount "61"]
[EventDate "2021.08.12"]
[EventType "swiss"]
[EventRounds "9"]
[EventCountry "COL"]
[SourceTitle "CBM 204 Extra"]
[Source "ChessBase"]
[SourceDate "2021.11.30"]
[SourceVersion "1"]
[SourceVersionDate "2021.11.30"]
[SourceQuality "1"]

1. d4 Nf6 2. c4 b6 3. Nc3 Bb7 4. d5 e6 5. e4 exd5 6. cxd5 Bb4 7. Bd3 d6 8. Qa4+ Nbd7 9. Qxb4 0-0 10. Nge2 Nc5 11. Bc2 Ba6 12. 0-0 Re8 13. Bg5 h6 14. Bxf6 Qxf6 15. Rad1 Re7 16. Rfe1 Rae8 17. Ng3 g6 18. Re3 Qg7 19. Qd4 Qxd4 20. Rxd4 Nd7 21. Ra4 Nc5 22. Ra3 Bc8 23. Rxa7 Nb7 24. Ba4 Rf8 25. b4 Nd8 26. Nb5 f6 27. Rxc7 Rxc7 28. Nxc7 Rf7 29. Rc3 Bb7 30. Ne8 Kf8 31. Nxd6 1-0

[Event "Feria de las Flores 28th"]
[Site "Medellin"]
[Date "2021.08.05"]
[Round "2"]
[White "Sanchez Torres, Juliana"]
[Black "Fitzgerald, Daniela"]
[Result "0-1"]
[WhiteElo "1249"]
[BlackElo "1651"]
[PlyCount "48"]
[EventDate "2021.08.04"]
[EventType "swiss"]
[EventRounds "9"]
[EventCountry "COL"]
[SourceTitle "EXT 2022"]
[Source "ChessBase"]
[SourceDate "2021.10.06"]
[SourceVersion "1"]
[SourceVersionDate "2021.10.06"]
[SourceQuality "1"]

1. e4 d5 2. exd5 Qxd5 3. Nc3 Qa5 4. Nf3 Nf6 5. Bc4 Bg4 6. h3 Bh5 7. Qe2 Nc6 8. Bb5 e6 9. g4 Bg6 10. Ne5 Bd6 11. Nxc6 bxc6 12. Bxc6+ Ke7 13. Bxa8 Rxa8 14. Nb5 Nd5 15. c3 Nf4 16. Qc4 Bd3 17. b4 Bxc4 18. bxa5 Nd3+ 19. Kd1 Nxf2+ 20. Kc2 Bxb5 21. Rh2 Ba4+ 22. Kb1 Rb8+ 23. Bb2 Nd3 24. a3 Rxb2# 0-1

[Event "Feria de las Flores 28th"]
[Site "Medellin"]
[Date "2021.08.04"]
[Round "1"]
[White "Fitzgerald, Daniela"]
[Black "Narvaez Ramirez, Faber Alberto"]
[Result "0-1"]
[WhiteElo "1651"]
[BlackElo "2101"]
[PlyCount "76"]
[EventDate "2021.08.04"]
[EventType "swiss"]
[EventRounds "9"]
[EventCountry "COL"]
[SourceTitle "EXT 2022"]
[Source "ChessBase"]
[SourceDate "2021.10.06"]
[SourceVersion "1"]
[SourceVersionDate "2021.10.06"]
[SourceQuality "1"]

1. e4 c5 2. Nf3 e6 3. d4 cxd4 4. Nxd4 a6 5. c4 Nf6 6. Nc3 Qc7 7. Be2 d6 8. Be3 Be7 9. 0-0 Nbd7 10. f4 0-0 11. Qe1 b6 12. Qg3 Bb7 13. f5 e5 14. Bh6 Ne8 15. f6 Bxf6 16. Rxf6 Ndxf6 17. Nf5 g6 18. Qg5 Bc8 19. Rf1 Bxf5 20. Rxf5 Qd8 21. Bxf8 Kxf8 22. Qh6+ Kg8 23. Rf1 Qc8 24. Qh4 Kg7 25. Kh1 Qc5 26. Nd5 Nxd5 27. exd5 f6 28. Qh3 f5 29. Qc3 a5 30. a3 a4 31. Qg3 Kf7 32. Qh4 Nf6 33. g4 Qd4 34. Qg5 Qe4+ 35. Bf3 Qxc4 36. Rc1 Qd3 37. Rc7+ Kg8 38. Qxf6 Qf1# 0-1

[Event "COL pre olympic sf2"]
[Site "Palmira"]
[Date "2019.05.31"]
[Round "4"]
[White "Pereira Vera, Henry Alberto"]
[Black "Fitzgerald, Daniela"]
[Result "0-1"]
[WhiteElo "1813"]
[BlackElo "1515"]
[PlyCount "46"]
[EventDate "2019.05.29"]
[EventType "swiss"]
[EventRounds "10"]
[EventCountry "COL"]
[SourceTitle "CBM 190 Extra"]
[Source "ChessBase"]
[SourceDate "2019.07.15"]
[SourceVersion "1"]
[SourceVersionDate "2019.07.15"]
[SourceQuality "1"]

1. b3 Nf6 2. Bb2 g6 3. Bxf6 exf6 4. c4 d5 5. cxd5 Qxd5 6. Nc3 Qa5 7. g3 Bg7 8. Bg2 f5 9. Qc2 Nc6 10. Bxc6+ bxc6 11. Nh3 Bb7 12. 0-0 0-0 13. Rac1 Rfe8 14. e3 Rad8 15. Rfd1 c5 16. d3 Bxc3 17. Qxc3 Qxa2 18. Nf4 Qa6 19. Qxc5 g5 20. Qxf5 gxf4 21. Rxc7 Bd5 22. Rc5 Bxb3 23. Rb1 Rxd3 0-1

[Event "COL pre olympic sf2"]
[Site "Palmira"]
[Date "2019.05.29"]
[Round "1"]
[White "Fitzgerald, Daniela"]
[Black "Navia Alvarez, Edwin Adrian"]
[Result "0-1"]
[WhiteElo "1515"]
[BlackElo "2078"]
[PlyCount "46"]
[EventDate "2019.05.29"]
[EventType "swiss"]
[EventRounds "10"]
[EventCountry "COL"]
[SourceTitle "CBM 190 Extra"]
[Source "ChessBase"]
[SourceDate "2019.07.15"]
[SourceVersion "1"]
[SourceVersionDate "2019.07.15"]
[SourceQuality "1"]

1. c4 Nf6 2. g3 e6 3. Bg2 c5 4. Nc3 d6 5. e3 Be7 6. Nge2 Nc6 7. 0-0 0-0 8. b3 a6 9. d4 cxd4 10. exd4 Bd7 11. Bb2 Rb8 12. Rc1 Qa5 13. a3 Qh5 14. Qd3 e5 15. f4 Bh3 16. fxe5 dxe5 17. d5 Bc5+ 18. Kh1 Ng4 19. Ne4 Bxg2+ 20. Kxg2 Qxh2+ 21. Kf3 f5 22. Qd2 fxe4+ 23. Kxg4 Be7 0-1

[Event "COL-ch sf2 U16"]
[Site "Bocagrande"]
[Date "2019.05.12"]
[Round "6.5"]
[White "Ruiz Jaraba, Valentina Sofia"]
[Black "Fitzgerald, Daniela"]
[Result "1/2-1/2"]
[WhiteElo "1469"]
[BlackElo "1515"]
[PlyCount "30"]
[EventDate "2019.05.09"]
[EventType "swiss"]
[EventRounds "6"]
[EventCountry "COL"]
[SourceTitle "EXT 2024"]
[Source "ChessBase"]
[SourceDate "2023.10.10"]
[SourceVersion "1"]
[SourceVersionDate "2023.10.10"]
[SourceQuality "1"]

1. e4 c5 2. Nf3 g6 3. c3 d5 4. e5 Bg7 5. d4 c4 6. Be2 Bg4 7. h3 Bxf3 8. Bxf3 e6 9. b3 b5 10. a4 Qb6 11. axb5 Qxb5 12. bxc4 Qxc4 13. Ra4 Qc7 14. Bf4 Ne7 15. 0-0 Nd7 1/2-1/2

[Event "COL-ch sf2 U16"]
[Site "Bocagrande"]
[Date "2019.05.10"]
[Round "2.1"]
[White "Caballero Marrugo, David Jose"]
[Black "Fitzgerald, Daniela"]
[Result "1-0"]
[WhiteElo "1697"]
[BlackElo "1515"]
[PlyCount "31"]
[EventDate "2019.05.09"]
[EventType "swiss"]
[EventRounds "6"]
[EventCountry "COL"]
[SourceTitle "EXT 2024"]
[Source "ChessBase"]
[SourceDate "2023.10.10"]
[SourceVersion "1"]
[SourceVersionDate "2023.10.10"]
[SourceQuality "1"]

1. b3 e5 2. Bb2 Nc6 3. e3 d5 4. d4 exd4 5. exd4 a6 6. Nf3 Nf6 7. Be2 Bf5 8. 0-0 Bd6 9. c4 b6 10. Ne5 Bxe5 11. dxe5 Nd7 12. e6 fxe6 13. cxd5 Nce5 14. f4 Nf7 15. dxe6 Bxe6 16. f5 1-0

[Event "COL-ch sf2 U16"]
[Site "Bocagrande"]
[Date "2019.05.09"]
[Round "1.9"]
[White "Fitzgerald, Daniela"]
[Black "Diaz Bermudez, Luis Fernando"]
[Result "1-0"]
[WhiteElo "1515"]
[BlackElo "1462"]
[PlyCount "48"]
[EventDate "2019.05.09"]
[EventType "swiss"]
[EventRounds "6"]
[EventCountry "COL"]
[SourceTitle "EXT 2024"]
[Source "ChessBase"]
[SourceDate "2023.10.10"]
[SourceVersion "1"]
[SourceVersionDate "2023.10.10"]
[SourceQuality "1"]

1. e4 c5 2. Nf3 d6 3. d4 cxd4 4. Nxd4 e5 5. Nf3 Nf6 6. Nc3 a6 7. Bg5 Be7 8. Bc4 0-0 9. Qd2 Bg4 10. h3 Be6 11. Bb3 Nc6 12. 0-0-0 Ne8 13. Bxe7 Qxe7 14. g4 Bxb3 15. axb3 Qf6 16. Qe2 Nc7 17. g5 Qf4+ 18. Kb1 Rfd8 19. Rhg1 d5 20. Rg4 Qxg4 21. hxg4 d4 22. Nd5 Ne6 23. Nb6 Ra7 24. Nc4 Nf4 1-0

[Event "COL-chT Interligas (Women)"]
[Site "Palmira"]
[Date "2019.04.29"]
[Round "5.1"]
[White "Valencia Lopez, Daily Vanessa"]
[Black "Fitzgerald, Daniela"]
[Result "0-1"]
[WhiteElo "1606"]
[BlackElo "1515"]
[PlyCount "65"]
[EventDate "2019.04.27"]
[EventType "team-swiss"]
[EventRounds "6"]
[EventCountry "COL"]
[SourceTitle "CBM 190 Extra"]
[Source "ChessBase"]
[SourceDate "2019.07.15"]
[SourceVersion "1"]
[SourceVersionDate "2019.07.15"]
[SourceQuality "1"]
[WhiteTeam "Caqueta (W)"]
[BlackTeam "Valle Talentos Palmira (W)"]
[WhiteTeamCountry "COL"]
[BlackTeamCountry "COL"]

1. e4 c5 2. Nf3 e6 3. d4 cxd4 4. Nxd4 a6 5. c4 Nf6 6. Bd3 Nc6 7. Be3 Ne5 8. 0-0 Nfg4 9. Bc1 Nxd3 10. Qxd3 Bc5 11. Nb3 Qh4 12. Qg3 Qxg3 13. hxg3 Ba7 14. Nc3 h5 15. c5 d6 16. cxd6 h4 17. gxh4 Rxh4 18. Bg5 Rh5 19. Be7 b6 20. Rad1 Kd7 21. Rd3 Bb7 22. Rh3 Rah8 23. Rxh5 Rxh5 24. Rc1 b5 25. Nd1 Bb6 26. Nd2 f5 27. exf5 Rxf5 28. Nf3 Bxf3 29. gxf3 Rxf3 30. Kg2 Rf5 31. Rc2 Rd5 32. Nc3 Re5 33. Nd1 0-1

[Event "COL-ch Superate Intercol U18 Girls"]
[Site "Barranquilla"]
[Date "2018.11.28"]
[Round "10.1"]
[White "Fitzgerald, Daniela"]
[Black "Caicedo Anguila, Juliana Andrea"]
[Result "0-1"]
[WhiteElo "1335"]
[BlackElo "1430"]
[PlyCount "54"]
[EventDate "2018.11.28"]
[EventType "swiss (blitz)"]
[EventRounds "12"]
[EventCountry "COL"]
[SourceTitle "EXT 2024"]
[Source "ChessBase"]
[SourceDate "2023.10.10"]
[SourceVersion "1"]
[SourceVersionDate "2023.10.10"]
[SourceQuality "1"]

1. c4 e5 2. g3 Nc6 3. Bg2 Bc5 4. e3 Nge7 5. Ne2 0-0 6. Nbc3 a6 7. d4 exd4 8. exd4 Bb6 9. 0-0 Ng6 10. c5 Ba7 11. d5 Nce5 12. b4 b5 13. d6 Rb8 14. Bf4 cxd6 15. Qxd6 Qf6 16. Bxe5 Qxe5 17. Qxe5 Nxe5 18. Nd5 Bb7 19. Rfd1 Bc6 20. Ne7+ Kh8 21. Nxc6 dxc6 22. f4 Nc4 23. Bxc6 Rfd8 24. Bg2 Ne3 25. Rxd8+ Rxd8 26. Kf2 Nc2 27. Rc1 Nxb4 0-1

[Event "COL-ch Superate Intercol U18 Girls"]
[Site "Barranquilla"]
[Date "2018.11.28"]
[Round "6.3"]
[White "Leal, Dayana Vanessa"]
[Black "Fitzgerald, Daniela"]
[Result "0-1"]
[WhiteElo "1433"]
[BlackElo "1335"]
[PlyCount "64"]
[EventDate "2018.11.28"]
[EventType "swiss (blitz)"]
[EventRounds "12"]
[EventCountry "COL"]
[SourceTitle "EXT 2024"]
[Source "ChessBase"]
[SourceDate "2023.10.10"]
[SourceVersion "1"]
[SourceVersionDate "2023.10.10"]
[SourceQuality "1"]

1. d4 Nf6 2. c4 c5 3. d5 d6 4. Nf3 Nbd7 5. g3 Nb6 6. Nbd2 Bd7 7. Bg2 e6 8. e4 exd5 9. exd5 Be7 10. 0-0 0-0 11. Qc2 Bg4 12. b3 Nfd7 13. Bb2 Bf6 14. Ne4 Bxf3 15. Bxf3 Bxb2 16. Qxb2 Ne5 17. Bg2 f5 18. Ng5 Qxg5 19. f4 Nexc4 20. bxc4 Qf6 21. Qb3 Qd4+ 22. Kh1 Qxc4 23. Qe3 Rfe8 24. Qf3 Qe2 25. Qc3 Qe3 26. Qc2 c4 27. Qxf5 c3 28. Rac1 Rac8 29. Rfe1 Qxe1+ 30. Rxe1 Rxe1+ 31. Bf1 Rxf1+ 32. Kg2 c2 0-1